Շիրազը խաղերի մեջ : (Record no. 108062)
| 000 -LEADER | |
|---|---|
| fixed length control field | 01080nam a2200229 u 4500 |
| 001 - CONTROL NUMBER | |
| control field | 000830424 |
| 003 - CONTROL NUMBER IDENTIFIER | |
| control field | AM-YeNLA |
| 005 - DATE AND TIME OF LATEST TRANSACTION | |
| control field | 20170622104819.0 |
| 008 - FIXED-LENGTH DATA ELEMENTS--GENERAL INFORMATION | |
| fixed length control field | 110908s2010 ai r 000 0 arm d |
| 020 ## - INTERNATIONAL STANDARD BOOK NUMBER | |
| Canceled/invalid ISBN | 978-99941-70-47-0 |
| 040 ## - CATALOGING SOURCE | |
| Original cataloging agency | AM-YeNLA |
| Transcribing agency | |
| 041 0# - LANGUAGE CODE | |
| Language code of text/sound track or separate title | arm |
| 100 1# - MAIN ENTRY--PERSONAL NAME | |
| Personal name | Կանթեղ, Ցոլակ, |
| Fuller form of name | (Ղանդիլյան Ցոլակ Հովհաննեսի), |
| Dates associated with a name | 1943- |
| 9 (RLIN) | 33377 |
| 245 10 - TITLE STATEMENT | |
| Title | Շիրազը խաղերի մեջ : |
| Remainder of title | Խաչբառեր, բառաշղթաներ, գաղտնագրեր, գաղտնանկարներ, գլուխկոտրուկներ, թվաբանական խնդիրներ, վիկտորինա / |
| Statement of responsibility, etc. | Ց. Կանթեղ-Ղանդիլյան; Խմբ.՝ Ա. Վարդանյան. |
| 260 ## - PUBLICATION, DISTRIBUTION, ETC. (IMPRINT) | |
| Place of publication, distribution, etc. | Երևան : |
| Name of publisher, distributor, etc. | Ծիծեռնակ, |
| Date of publication, distribution, etc. | 2010. |
| 300 ## - PHYSICAL DESCRIPTION | |
| Extent | 56 էջ : |
| Other physical details | նկ. ; |
| Dimensions | 30 սմ. |
| 600 14 - SUBJECT ADDED ENTRY--PERSONAL NAME | |
| Personal name | Շիրազ, Հովհաննես Թադևոսի, |
| Dates associated with a name | 1914-1984 |
| 9 (RLIN) | 629 |
| 650 14 - SUBJECT ADDED ENTRY--TOPICAL TERM | |
| Topical term or geographic name as entry element | Խաղեր, զվարճալիքներ |
| General subdivision | Ժողովածու |
| 650 14 - SUBJECT ADDED ENTRY--TOPICAL TERM | |
| 9 (RLIN) | 27916 |
| Topical term or geographic name as entry element | Հայ գրականություն |
| 700 1# - ADDED ENTRY--PERSONAL NAME | |
| Personal name | Վարդանյան, Անուշ |
| Relator term | խմբ. |
| Relator code | edt |
| 942 ## - ADDED ENTRY ELEMENTS (KOHA) | |
| Koha item type | Books |
No items available.
All site content, except where otherwise noted, is licensed under a